000 00660nam a2200241Ia 4500
005 20260429112308.0
008 260429s9999||||xx |||||||||||||| ||und||
020 _a9788197277429
041 _aEnglish
082 _a004.678
_bBHA
100 _aBhatia, Kanak
245 0 _aInternet of things(IoT) /
_cKanak Bhatia
260 _aJaipur :
_bY King Books,
_c2024.
300 _av, 268 p.; hb
440 _aNew life skills course series-2
650 _a Computer networks
650 _a Embedded systems
650 _a Sensor networks
650 _a Smart devices
650 _a Wireless communication
650 _aInternet of things
942 _cTB
999 _c53360
_d53360